| 000 | 005470000a22001930004500 | ||
|---|---|---|---|
| 001 | 003257 | ||
| 003 | MACL | ||
| 005 | 20150715124010.0 | ||
| 008 | 150715b xxu||||| |||| 00| 0 eng d | ||
| 040 |
_aMACL _cMACL |
||
| 041 | _aEnglish | ||
| 082 | _a325.34/ARU | ||
| 100 |
_aArunima, G. _92155 |
||
| 245 |
_aThere Comes Papa _bColonialism and the Transformation Of Matriliny In Kerala, Malabar c. 1850-1940 _cG. Arunima |
||
| 260 |
_aNew Delhi _c2003 _bOrient Longman, |
||
| 350 | _a450 | ||
| 650 |
_aPolitical Science _988 |
||
| 942 |
_k325 _cBK _2ddc |
||
| 999 |
_c15162 _d15162 |
||